| 000 | 00855nam a22002537a 4500 | ||
|---|---|---|---|
| 999 |
_c50575 _d50575 |
||
| 005 | 20210325200637.0 | ||
| 008 | s2006 eng d | ||
| 020 | _a9004149686 | ||
| 040 | _aNALT | ||
| 041 | _aeng | ||
| 090 |
_aKO 61 _bH46L 2006 |
||
| 100 | 1 |
_aHenriksen, Tore, _943740 |
|
| 245 | 1 | 0 |
_aLaw and politics in ocean governance : _bThe UN fish stocks agreement and regional fisheries management /t regimes _cTore Henriksen, Geir Hønneland, and Are Sydnes. |
| 260 |
_aLeiden, Netherlands : _bMartinus Nijhoff Publishers, _c2006 |
||
| 300 |
_a220 p. : _bmaps, tables ; _c 25 cm. |
||
| 650 | 0 | 4 | _aFishes -- Conservation |
| 650 | 0 | 4 | _aFishery management, International |
| 650 | 0 | 4 | _aFishery law and legislation |
| 700 | 1 | _aSydnes, Are | |
| 700 | 1 |
_aHønneland, Geir _943741 |
|
| 850 | _aNALT | ||
| 942 |
_cLB _2local |
||